000 00687nam a2200241Ia 4500
003 OSt
005 20220928121445.0
006 a|||||r|||| 00| 0
007 ta
008 220927b |||||||| |||| 00| 0 eng d
024 _a65743
037 _cTextual
040 _aSDCL
_cSDCL
_beng
041 _2eng
_aeng
082 _aX9(F):51.1'P, P5
100 _aButje Mark
_9452594
245 0 _aProduct marketing for technology companies.
260 _aOxford
_bElsevier Butterworth-Heinemann
_c2005
300 _axiii,177p.
_ccm.
650 _aMarketing Technology Industry
_9452595
942 _hX9(F):51.1'P, P5
_cTEXL
_2CC
999 _c766555
_d766555